000 00411nam a2200181Ia 4500
001 1327
005 20260306143720.0
008 260306t2010||||xx |||||||||||||| ||spa||
041 _aESP
082 _a194
_bD61P
100 _aDescartes, René
_eAUT
245 0 _aLas pasiones del alma
260 _c2010
300 _a279 páginas :
_c20 cm.
650 _aGEN
654 _aCHU
942 _cLIB
_dJUS
_fJUS
_2ddc
_n
999 _c1327
_d1327